000 00408nam a2200157Ia 4500
003 GCL
008 140319s9999 xx 000 0 eng d
040 _aGCL /
_cGCL
082 0 4 _a401.9
_bG P
100 1 _aGARMAN, MICHAEL
245 1 0 _aPSYCHOLINGUISTICS /
_cGARMAN, MICHAEL
260 _a[S.N] :
_bCAMBRIDGE UNIVERSITY PRESS ،
_c1991
300 _a512 P
650 0 4 _aPSYCHOLINGUISTICS
942 _2ddc
_cBK
999 _c23865
_d23865